[Event "Jersey Masters 2013"]
[Site "St Clement Bay JCI"]
[Date "2013.03.10"]
[Round "9"]
[White "Krasenkow,M"]
[Black "Belzo,K"]
[Result "1-0"]
[WhiteElo "2643"]
[BlackElo "2015"]

1.d4 g6 2.e4 Bg7 3.c4 c5 4.d5 d6 5.Bd3 e6 6.Nc3 exd5 7.cxd5 Ne7 8.h4 h6 9.Bf4 a6
10.a4 Qc7 11.Qd2 Bg4 12.f3 Bc8 13.Nh3 Bxh3 14.Rxh3 Nd7 15.g4 Ne5 16.Bxe5 Bxe5
17.f4 Bg7 18.h5 O-O-O 19.a5 Kb8 20.Bc4 Rhe8 21.Kd1 Qd7 22.Rg3 gxh5 23.gxh5 Bf6
24.Na4 Nc8 25.Qg2 Qe7 26.Bd3 Bh4 27.Rg4 f5 28.Rg7 Qf6 29.Nc3 Qd4 30.Kc2 c4
31.Be2 fxe4 32.Ra4 e3 33.Rxc4 Qd2+ 34.Kb3 Bf6 35.Rf7 Bxc3 36.Rxc3 Ne7 37.Rd3 Qxa5
38.f5 Rc8 39.Qe4 b5 40.Rc3 Nxd5 41.Rxc8+ Rxc8 42.Qd4 Qa4+ 43.Qxa4 bxa4+ 44.Kxa4 Rc2
45.Bf3 Nf4 46.Re7 e2 47.f6 Rc8 48.f7 d5 49.Bxe2 Nxe2 50.Re8  1-0

[Event "HZ Open 2013"]
[Site "Vlissingen NED"]
[Date "2013.08.09"]
[Round "8.4"]
[White "Bezemer,A"]
[Black "Krasenkow,M"]
[Result "0-1"]
[WhiteElo "2292"]
[BlackElo "2635"]

1.e4 g6 2.d4 Bg7 3.Nf3 d6 4.Bc4 Nf6 5.Qe2 O-O 6.O-O Bg4 7.Nbd2 Nc6 8.c3 e5
9.h3 Bxf3 10.Nxf3 exd4 11.cxd4 d5 12.exd5 Nxd5 13.Qe4 Nb6 14.Bb5 Re8 15.Qf4 Qd5
16.Bxc6 Qxc6 17.Bd2 Nd5 18.Qg3 Qc2 19.Bc3 c6 20.Rfc1 Qf5 21.Re1 h5 22.Ne5 c5
23.Qf3 Qxf3 24.Nxf3 b5 25.dxc5 Nxc3 26.bxc3 Bxc3 27.Rxe8+ Rxe8 28.Rd1 Rc8
29.Rd5 Bb4 30.Rd7 Bxc5 31.Ne5 Bb6 32.Nxf7 Rc1+ 33.Kh2 Rc7 34.Nh6+ Kf8 35.Rd5 Kg7  0-1

[Event "HZ Open 2013"]
[Site "Vlissingen NED"]
[Date "2013.08.10"]
[Round "9.2"]
[White "Krasenkow,M"]
[Black "Zhao Xue"]
[Result "1-0"]
[WhiteElo "2635"]
[BlackElo "2562"]

1.Nf3 Nf6 2.c4 e6 3.Nc3 d5 4.d4 Bb4 5.Bg5 h6 6.Bxf6 Qxf6 7.Qa4+ Nc6 8.e3 O-O
9.Rc1 Rd8 10.cxd5 exd5 11.Be2 Be6 12.O-O Bf8 13.a3 Ne7 14.b4 Nf5 15.Nb5 c6
16.Nc7 Rab8 17.Nxe6 Qxe6 18.Qxa7 Nxe3 19.fxe3 Qxe3+ 20.Kh1 Qxe2 21.Ne5 Bd6
22.Nxf7 Rf8 23.Rfe1 Qg4 24.Nxd6 Qd7 25.Qc5 Rf6 26.Nxb7 Qxb7 27.Rf1 Rxf1+
28.Rxf1 Qa6 29.Rf3 Re8 30.h3 Qa4 31.Kh2 Kh7 32.Rg3 Kh8 33.Rc3 Re4 34.Qxc6 Qxc6
35.Rxc6 Rxd4 36.b5 Rd3 37.b6 Rb3 38.a4  1-0

[Event "17th Unive Open 2013"]
[Site "Hoogeveen NED"]
[Date "2013.10.18"]
[Round "1.3"]
[White "Krasenkow,M"]
[Black "Martinello,C"]
[Result "1-0"]
[WhiteElo "2640"]
[BlackElo "2163"]

1.Nf3 Nf6 2.c4 c6 3.Nc3 d5 4.e3 e6 5.b3 Nbd7 6.Bb2 Be7 7.d4 O-O 8.Bd3 dxc4
9.bxc4 c5 10.d5 exd5 11.cxd5 a6 12.O-O b5 13.a4 c4 14.Be2 Nb6 15.axb5 axb5
16.Rxa8 Nxa8 17.Nxb5 Qxd5 18.Qxd5 Nxd5 19.Bxc4 Nab6 20.Be2 Ba6 21.Bd4 Bf6
22.Ne5 Re8 23.f4 Bxe5 24.fxe5 Bxb5 25.Bxb5 Re6 26.Rb1 h6 27.Be2 Na4 28.Rb8+ Kh7
29.Bd3+ g6 30.Bc4 Nab6 31.Bb3  1-0

[Event "17th Unive Open 2013"]
[Site "Hoogeveen NED"]
[Date "2013.10.19"]
[Round "2.3"]
[White "Van Foreest,Jorden"]
[Black "Krasenkow,M"]
[Result "0-1"]
[WhiteElo "2310"]
[BlackElo "2640"]

1.e4 g6 2.d4 Bg7 3.Nc3 c6 4.Nf3 d6 5.Be3 Nf6 6.Qd2 Bg4 7.Be2 O-O 8.h3 Bxf3
9.Bxf3 Nbd7 10.O-O Qc7 11.Rad1 b5 12.Rfe1 Rfd8 13.g3 e5 14.Bg2 Nb6 15.b3 b4
16.Ne2 c5 17.c3 a5 18.dxc5 dxc5 19.Qc2 Bf8 20.Rc1 c4 21.Bg5 Kg7 22.cxb4 axb4
23.bxc4 Bc5 24.Rcd1 h6 25.Bxf6+ Kxf6 26.Nc1 Rxd1 27.Rxd1 Na4 28.Bf3 Nc3 29.Rd2 Kg7
30.Kh2 Ra3 31.Kg2 Nxa2 32.Nxa2 b3 33.Qb1 Qa5 34.Qb2 Qxd2 35.Qxe5+ Kh7 36.Qxc5 Rxa2
37.e5 Qe1  0-1

[Event "17th Unive Open 2013"]
[Site "Hoogeveen NED"]
[Date "2013.10.20"]
[Round "3.3"]
[White "Krasenkow,M"]
[Black "De Jong,M"]
[Result "1-0"]
[WhiteElo "2640"]
[BlackElo "2345"]

1.d4 e6 2.c4 Bb4+ 3.Nd2 c5 4.a3 Bxd2+ 5.Qxd2 cxd4 6.Nf3 Nf6 7.b4 d5 8.cxd5 Qxd5
9.Qxd4 Nc6 10.Qxd5 Nxd5 11.e4 Nf6 12.Bd3 b6 13.Bb2 Bb7 14.Ke2 O-O 15.Rac1 Rac8
16.h3 a5 17.b5 Nb8 18.Nd2 Nbd7 19.Bd4 Nh5 20.g3 f5 21.Bc4 Rce8 22.Ba2 Nhf6
23.Rc7 Ba8 24.g4 Rf7 25.gxf5 Nxe4 26.Nxe4 Bxe4 27.fxe6 Bf5 28.Kd2 Bxe6 29.Re1 Nc5
30.Rxc5 bxc5 31.Rxe6 Rd8 32.Re7 Rxd4+ 33.Kc3  1-0

[Event "17th Unive Open 2013"]
[Site "Hoogeveen NED"]
[Date "2013.10.21"]
[Round "4.2"]
[White "L'Ami,E"]
[Black "Krasenkow,M"]
[Result "1/2-1/2"]
[WhiteElo "2645"]
[BlackElo "2640"]

1.d4 d5 2.c4 e6 3.Nc3 c6 4.Nf3 dxc4 5.a4 Bb4 6.e3 b5 7.Bd2 a5 8.axb5 Bxc3
9.Bxc3 cxb5 10.b3 Bb7 11.bxc4 b4 12.Bb2 Nf6 13.c5 O-O 14.Bb5 Bc6 15.Ba4 Bxa4
16.Qxa4 Qd5 17.O-O Nc6 18.Rfd1 Rfc8 19.Ne5 Ne8 20.Nxc6 Rxc6 21.f3 f5 22.e4 fxe4
23.fxe4 Qxe4 24.Re1 Qd5 25.Re5 Qd7 26.d5 Rc7 27.d6 Qxa4 28.Rxa4 Rc6 29.Rxe6 Rxc5
30.d7 Kf7 31.Rxe8 Rxe8 32.dxe8=Q+ Kxe8 33.Bxg7 Kf7 34.Bd4 Rd5 35.Bh8 Rd8
36.Ba1 Rd1+ 37.Kf2 b3 38.Kf3 Rd2 39.Rf4+ Kg8 40.Rg4+ Kf8 41.Bg7+ Kf7 42.Bh8 Rd8
43.Rg7+ Ke6 44.Rxh7 a4 45.Rh6+ Kf7 46.Bb2 Rd2 47.Rh4 Rxb2 48.Rxa4 Rc2 49.Rb4 Rc3+
50.Kf2 Rc2+ 51.Kg3 Rc3+ 52.Kh4 Rc2 53.Kh3 b2 54.Rb6 Ke7 55.g4 Kd7 56.Kg3 Kc7
57.Rb3 Kd6 58.Rb8 Kc5 59.h3 Kc4 60.Kf4 Rd2 61.Rc8+ Kd3 62.Rb8 Kc4 63.Rc8+ Kd3  1/2-1/2

[Event "17th Unive Open 2013"]
[Site "Hoogeveen NED"]
[Date "2013.10.23"]
[Round "6.5"]
[White "Schroeder,Ja"]
[Black "Krasenkow,M"]
[Result "0-1"]
[WhiteElo "2370"]
[BlackElo "2640"]

1.e4 g6 2.d4 Bg7 3.Nf3 d6 4.Nc3 Nf6 5.h3 O-O 6.Be2 a6 7.O-O b5 8.e5 Ne8 9.a4 b4
10.Nd5 Nc6 11.Bg5 h6 12.Bh4 g5 13.Bg3 e6 14.Ne3 f5 15.exf6 Nxf6 16.d5 exd5
17.Nxd5 Kh8 18.h4 g4 19.Nd4 Nxd4 20.Qxd4 Bf5 21.Ne3 Ne4 22.Qxb4 Rb8 23.Qa5 Bh7
24.Bxg4 Bxb2 25.Rad1 Nxg3 26.fxg3 Qe7 27.Nd5 Qg7 28.Bh3 Qxg3 29.c3 c6 30.Nf6 Rxf6
31.Rxf6 Bxc3 32.Qc7 Rg8 33.Qf7 Be5 34.Rf3 Qxh4 35.Rdf1 Be4 36.Rf4 Bd4+ 37.R1f2 Bxf2+
38.Rxf2 Bd5 39.Qd7 Qd8 40.Qf5 Qg5 41.Qc2 Re8 42.Qc3+ Qe5 43.Qxe5+ dxe5 44.Rb2 e4
45.Rb6 e3 46.Kf1 Bc4+ 47.Ke1 Rf8 48.g3 e2  0-1

[Event "17th Unive Open 2013"]
[Site "Hoogeveen NED"]
[Date "2013.10.24"]
[Round "7.2"]
[White "Rodshtein,M"]
[Black "Krasenkow,M"]
[Result "1-0"]
[WhiteElo "2664"]
[BlackElo "2640"]

1.e4 e5 2.Nf3 Nc6 3.Bb5 Nf6 4.d3 d6 5.O-O Bd7 6.c4 g6 7.Nc3 Bg7 8.h3 a6 9.Ba4 Nd4
10.Nxd4 exd4 11.Ne2 O-O 12.Bg5 h6 13.Bh4 Qe8 14.Bb3 c5 15.Qd2 Qe7 16.Bg3 Nh5
17.Bh2 f5 18.exf5 gxf5 19.Rae1 Rae8 20.Ng3 Qh4 21.Nxh5 Qxh5 22.Bxd6 Rf6 23.Bd1 Qg6
24.Bf4 Rxe1 25.Rxe1 Bc6 26.g3 Re6 27.Rxe6 Qxe6 28.Qe2 Qd7 29.Qh5 Qe6 30.Bd2 Be8
31.Qe2 Qf7 32.Qf3 Kh7 33.Qf4 Qd7 34.b3 b5 35.Bf3 bxc4 36.bxc4 Qa4 37.Bd5 Qxa2
38.Qxf5+ Bg6 39.Qc8 Bxd3 40.Bg8+  1-0

[Event "17th Unive Open 2013"]
[Site "Hoogeveen NED"]
[Date "2013.10.25"]
[Round "8.7"]
[White "Krasenkow,M"]
[Black "Englert,F"]
[Result "1-0"]
[WhiteElo "2640"]
[BlackElo "2290"]

1.Nf3 d5 2.d4 Nf6 3.c4 c6 4.e3 Bf5 5.Nc3 e6 6.Nh4 Be4 7.f3 Bg6 8.Bd2 Nbd7
9.Nxg6 hxg6 10.Qb3 b5 11.cxd5 exd5 12.e4 dxe4 13.fxe4 b4 14.Bc4 Qe7 15.Ne2 Nxe4
16.O-O-O Ndf6 17.Bf4 g5 18.Be5 Nd6 19.Bxd6 Qxd6 20.Bxf7+ Kd7 21.d5 c5 22.Kb1 Kc7
23.Ng3 Kb6 24.Rhe1 Qf4 25.Re6+ Ka5 26.Rf1 Qc7 27.a3 c4 28.axb4+ Kb5 29.Qa2 a5
30.Rc6  1-0

[Event "17th Unive Open 2013"]
[Site "Hoogeveen NED"]
[Date "2013.10.26"]
[Round "9.4"]
[White "Krasenkow,M"]
[Black "Levin,F"]
[Result "1/2-1/2"]
[WhiteElo "2640"]
[BlackElo "2480"]

1.d4 d5 2.Nf3 Nf6 3.c4 e6 4.Nc3 Nbd7 5.Bg5 Be7 6.g3 c6 7.Bg2 O-O 8.O-O b6
9.Nd2 h6 10.Bxf6 Bxf6 11.e3 a5 12.Rc1 Ba6 13.Re1 Rc8 14.cxd5 cxd5 15.Bf1 Bxf1
16.Rxf1 Nb8 17.Qb3 Qd6 18.Na4 Nd7 19.a3 Rc6 20.f4 Rfc8 21.Rc3 Rxc3 22.Nxc3 g6
23.Nb5 Qb8 24.Nf3 Bg7 25.Ne5 Nf6 26.Nc3 Ne4 27.Nxe4 dxe4 28.a4 Qc7 29.Rf2 Bxe5
30.fxe5 Qc4 31.Qxb6 Qc1+ 32.Kg2 Qxe3 33.Qb7 Rf8 34.d5 exd5 35.Qxd5 Qd3 36.Qxd3 exd3
37.Kf3 Rb8 38.Ke4 Rb4+ 39.Kxd3 Rxa4 40.Rf4 Ra1 41.Rf6 Kg7 42.Ra6 a4 43.Kc3 Ra2
44.h4 h5 45.Kc2 Ra1 46.Kd2 Kf8 47.Ra7 Kg8 48.Ra8+ Kg7 49.Kc2 Kh7 50.Ra5 Kg7
51.Ra6 Kg8 52.Rf6 a3 53.e6 fxe6 54.Rxg6+ Kf7 55.Rg5 a2 56.Kb3 Kf6 57.Rxh5 e5
58.g4 e4 59.Rf5+ Ke6 60.h5 Rg1 61.Kxa2 Rxg4 62.Rc5 e3 63.h6 e2 64.Rc1 Rh4
65.Re1 Kd5 66.Rxe2 Rxh6 67.Rc2 Ra6+ 68.Kb3 Ra8 69.Kb4 Rb8+ 70.Ka5 Ra8+ 71.Kb6 Rb8+
72.Ka6 Rb3 73.Ka5 Kd6 74.Ka4 Rb8 75.b4 Ra8+ 76.Kb3 Rb8 77.Rc4 Kd5 78.Rc5+ Kd6
79.Kc4 Rh8 80.Kb5 Rb8+ 81.Ka4 Ra8+ 82.Ra5 Rb8 83.Rc5 Ra8+ 84.Kb5 Rb8+ 85.Kc4 Rh8
86.Kb3 Rb8 87.Rc4 Kd5 88.Rc7 Kd6 89.Rc5 Rg8 90.Rc4 Rb8 91.Ka4 Kd5 92.Rc7 Kd6
93.Ra7 Kc6  1/2-1/2

[Event "ch-POL Rapid 2014"]
[Site "Trzcianka POL"]
[Date "2014.04.13"]
[Round "1.9"]
[White "Huchwajda,K"]
[Black "Krasenkow,M"]
[Result "0-1"]
[WhiteElo "1808"]
[BlackElo "2640"]

1.d4 d5 2.c4 e6 3.Nf3 Nf6 4.g3 Bb4+ 5.Bd2 Be7 6.Bg2 O-O 7.O-O Nbd7 8.Qc2 dxc4
9.Qxc4 c5 10.dxc5 Bxc5 11.Nc3 Qe7 12.Bg5  0-1

[Event "ch-POL Rapid 2014"]
[Site "Trzcianka POL"]
[Date "2014.04.13"]
[Round "3.7"]
[White "Schmidt,Wl"]
[Black "Krasenkow,M"]
[Result "1/2-1/2"]
[WhiteElo "2360"]
[BlackElo "2640"]

1.d4 Nf6 2.c4 d6 3.Nf3 Bg4 4.Qb3 Qc8 5.g3 c5 6.Bg2 Nc6 7.d5 Bxf3 8.Bxf3 Nd4
9.Qd3 Nd7 10.Bg2 Ne5 11.Qd1 Qf5 12.Na3 g6 13.f4 Nxc4 14.Qa4+ b5 15.Nxb5 Nb6
16.Nxd6+ Kd8 17.Nxf5 Nxa4 18.Nxd4 cxd4 19.e4 dxe3 20.Bxe3 Bg7 21.O-O Rb8
22.Bxa7 Rxb2 23.Rab1 Kd7 24.Rxb2 Nxb2 25.Rb1 Ra8 26.Bf2 Rxa2 27.Bf1 Kd6 28.Bg2 Nd3
29.Be3 Re2 30.Ba7 Ne1 31.Bh1 Nc2 32.Bf2 Bd4 33.Bxd4 Nxd4 34.Bg2 Rd2 35.Rb6+ Kc7
36.Ra6 Re2 37.d6+ exd6 38.Ra7+ Kb6 39.Rxf7 h6 40.Rg7 Re6 41.Bd5 Re1+ 42.Kf2 Re2+
43.Kg1 Kc5 44.Bg2 Re6 45.Kf2 d5 46.Rd7 Rd6 47.Rxd6 Kxd6 48.Ke3 Kc5 49.Kd3 Nc6
50.g4 Nb4+ 51.Kc3 d4+ 52.Kd2 g5 53.f5 Kd6 54.h3 Ke5 55.Bb7 Na2 56.Kd3 Nc1+
57.Kd2 Nb3+ 58.Ke2 Nc5 59.Bc8 Ne4 60.Kf3 d3 61.Ke3 d2 62.Ke2 Nf2 63.Kxd2 Nxh3
64.Ke3 Nf4 65.Kf3 Nd5 66.Bd7 Kd4 67.Be6 Nf6 68.Bf7 Ne4 69.Be6 Kd3 70.Bc4+ Kd4
71.Bf7 Nf6 72.Be6 Kd3 73.Bf7 Nd7 74.Be6 Ne5+ 75.Kg3 Ke3 76.f6 Ng6 77.f7 Kd4
78.Kf3 Ke5 79.Bb3 Kf6 80.Ke4 Nf8 81.Ba2 Ng6 82.Bb3 Kg7 83.Kf5 Nf8 84.Ba2 Ng6
85.Bb3 Nf8 86.Ke4  1/2-1/2

[Event "ch-POL Rapid 2014"]
[Site "Trzcianka POL"]
[Date "2014.04.13"]
[Round "5.7"]
[White "Moiseenko,A1"]
[Black "Krasenkow,M"]
[Result "1-0"]
[WhiteElo "2707"]
[BlackElo "2640"]

1.d4 d5 2.c4 c6 3.Nc3 dxc4 4.e4 b5 5.a4 b4 6.Nce2 Nf6 7.Ng3 e6 8.Bxc4 c5
9.Nf3 cxd4 10.O-O Be7 11.e5 Nd5 12.Qxd4 O-O 13.Qg4 f5 14.exf6 Rxf6 15.Ne5 Rf8
16.Nh5 Bf6 17.Re1 Kh8 18.Nxf6 Qxf6 19.Bg5 Qxf2+ 20.Kh1 Nf6 21.Bxf6 gxf6 22.Qe4 Nd7
23.Bd3 f5 24.Qxa8 Nxe5 25.Rxe5 Qd4 26.Rae1 Qxd3 27.Rxe6 Qd8 28.Re7 f4 29.Qe4  1-0

[Event "ch-POL Rapid 2014"]
[Site "Trzcianka POL"]
[Date "2014.04.13"]
[Round "7.12"]
[White "Janaszak,Daw"]
[Black "Krasenkow,M"]
[Result "1/2-1/2"]
[WhiteElo "2395"]
[BlackElo "2640"]

1.e4 g6 2.Nc3 Bg7 3.g3 c5 4.Bg2 Nc6 5.Nge2 d6 6.O-O e5 7.f4 Nge7 8.d3 O-O
9.Nd5 Nxd5 10.exd5 Ne7 11.Nc3 f5 12.Kh1 h6 13.a4 Kh7 14.Bd2 Ng8 15.a5 Nf6
16.Nb5 e4 17.c4 exd3 18.Bc3 a6 19.Na3 Ne4 20.Bxg7 Kxg7 21.Qxd3 Re8 22.Nc2 Qf6
23.Rab1 Bd7 24.b4 cxb4 25.Rxb4 Nc5 26.Qd4 Re2 27.Qxf6+ Kxf6 28.Nd4 Ra2 29.Nb3 Rc8
30.Nxc5 Rxc5 31.Rxb7 Bc8 32.Rb6 Ke7 33.Re1+ Kd7 34.Bf1 Rcxa5 35.Re6 Ra1 36.Kg1 Rc1
37.Rbxd6+ Kc7 38.Rc6+ Kd8 39.Rcd6+ Bd7 40.Rxa6 Rc5 41.Rxg6 R5xc4 42.Ra7 Re4
43.Rd6 Re7 44.Ra8+ Kc7 45.Rda6 Ree1 46.d6+ Kb7 47.R8a7+ Kc8 48.Ra8+ Kb7 49.R8a7+ Kc8
50.Ra8+ Kb7 51.R6a7+ Kc6 52.Rc7+ Kxd6 53.Rxc1 Rxc1 54.Kf2 Rc2+ 55.Kg1 Rc1
56.Kf2 Rc2+ 57.Kg1 Rc1  1/2-1/2

[Event "TCh-POL Ekstraligi 2014"]
[Site "Gorzow POL"]
[Date "2014.05.16"]
[Round "1.2"]
[White "Krasenkow,M"]
[Black "Matuszewski,Mi"]
[Result "1-0"]
[WhiteElo "2635"]
[BlackElo "2415"]

1.d4 d5 2.c4 c6 3.Nf3 Nf6 4.e3 Bf5 5.Nc3 e6 6.Nh4 Bg6 7.Qb3 Qb6 8.Nxg6 hxg6
9.Bd2 Nbd7 10.cxd5 Qxb3 11.axb3 exd5 12.Bd3 Bd6 13.Ke2 a6 14.h4 O-O-O 15.Kf3 Nf8
16.Na4 Ne6 17.b4 Nc7 18.g4 Nb5 19.Nc5 Kc7 20.g5 Nd7 21.Kg2 Rh7 22.Rh3 Rdh8
23.Rah1 Be7 24.f3 Bd6 25.Be1 b6 26.Na4 Kb7 27.Nc3 Nf8 28.Ne2 Ne6 29.Bd2 Be7
30.f4 Nd6 31.Ng3 Nc4 32.Bxc4 dxc4 33.Bc3 Nc7 34.e4 Rd8 35.h5 Ne6 36.Ne2 a5
37.bxa5 b5 38.hxg6 Rxh3 39.Rxh3 fxg6 40.d5 cxd5 41.exd5 Rxd5 42.Re3 Rd6 43.Bb4 Rd3
44.Rxe6 Bxb4 45.Rxg6 Rd2 46.Kf3 Rxb2 47.Rxg7+ Ka6 48.g6 Rb3+ 49.Ke4 Bd2 50.Nd4 Re3+
51.Kd5 Rd3 52.Rg8 Bc3 53.Ra8+ Kb7 54.g7 Rxd4+ 55.Kc5 Rd5+ 56.Kxd5 Bxg7 57.Rg8 Bb2
58.Rg2 Bc3 59.f5 Ka6 60.f6 Bb4 61.f7 c3 62.Rc2 Kxa5 63.Rxc3  1-0

[Event "TCh-POL Ekstraligi 2014"]
[Site "Gorzow POL"]
[Date "2014.05.18"]
[Round "3.2"]
[White "Krasenkow,M"]
[Black "Heberla,B"]
[Result "1/2-1/2"]
[WhiteElo "2635"]
[BlackElo "2573"]

1.d4 Nf6 2.c4 e6 3.Nf3 d5 4.g3 Bb4+ 5.Bd2 Bd6 6.Bg5 Nbd7 7.Nbd2 h6 8.Bxf6 Nxf6
9.Qc2 O-O 10.c5 Be7 11.e4 dxe4 12.Nxe4 Bd7 13.Ne5 Bc6 14.Nxc6 bxc6 15.Rd1 Qd5
16.Bg2 Qxa2 17.O-O Rab8 18.Ra1 Qxb2 19.Qxb2 Rxb2 20.Nxf6+ Bxf6 21.Rxa7 Bxd4
22.Rxc7 Ra8 23.Bxc6 Raa2 24.Rc8+ Kh7 25.Be4+ f5 26.Bb1 Bxf2+ 27.Kh1 Ra3 28.c6 Bb6
29.c7 Rc3 30.Re8 Rxc7 31.Rxe6 g6 32.g4 Rf2 33.Rxf2 Bxf2 34.gxf5 Rc1+ 35.Kg2 Rxb1
36.fxg6+ Kg7 37.Kxf2 Rb5 38.h4 h5 39.Kg3 Rf5 40.Ra6 Rf6  1/2-1/2